| 000 | 00520nam a2200157 i 4500 | ||
|---|---|---|---|
| 001 | 64895 | ||
| 003 | ES-MaACL | ||
| 005 | 20230906165239.0 | ||
| 007 | t| | ||
| 008 | 040107s1949 sp ||||1| spa d | ||
| 100 | 1 |
_aForteza Martí, Jerónimo. _951864 |
|
| 245 | 1 | 0 |
_aAlimentación ácida del lactante _b: la leche entera acidificada en polvo como alimento normal / _cForteza Martí. |
| 260 |
_aValencia : _bLa Comercial, _c1949. |
||
| 300 |
_a154 p., 9 lám., 7 gráf. ; _c21 cm. |
||
| 852 |
_aES-MaACL _jD-8124 _bR.26870 |
||
| 999 |
_c64895 _d64895 |
||